LEADER 01015nam a2200265 i 4500 001 991002849069707536 008 151103s2015 it |||| 00| | ita d 020 $a9788875243357 035 $ab14242564-39ule_inst 040 $aDip.to Studi Giuridici$bita 082 04$a343.0878 100 1 $aBusani, Angelo$0281657 245 13$aIl contratto di compravendita internazionale /$cAngelo Busani 260 $aTorino :$bG. Giappichelli Editore,$cc2015 300 $aviii, 427 p. ;$c24 cm 440 $aCollana dei contratti ;$v1. 500 $aSulla copertina: la mia libreria 504 $aContiene bibliografia. 650 4$aVendita$xConvenzioni internazionali 907 $a.b14242564$b13-01-16$c03-11-15 912 $a991002849069707536 945 $aLE027 343.08 BUS01.01$g1$i2027000333264$lle027$nProf. Polidori$op$pE46.00$q-$rl$s- $t0$u3$v1$w3$x0$y.i15707325$z13-01-16 996 $aContratto di compravendita internazionale$9254329 997 $aUNISALENTO 998 $ale027$b03-11-15$cm$da $e-$fita$git $h3$i0 LEADER 01841nam0 22003733i 450 001 VAN00300666 005 20251121110815.446 010 $a978-88-238-2381-5 100 $a20251119d2025 |0itac50 ba 101 $aita 102 $aIT 105 $a|||| ||||| 181 $ai$b e 182 $an 183 $anc 200 1 $aElementi di estimo urbano e industriale$fPiefrancesco De Paola 210 $aMilano$cEgea$d2025 215 $aXIV, 347 p.$d24 cm 330 $aIl volume nasce dall?esperienza didattica nei corsi di architettura e ingegneria e dall?attività di ricerca nell?Estimo Urbano e Industriale, per aggiornare la formazione professionale con le più recenti innovazioni metodologiche. Nel tempo l?Estimo ha ampliato i propri orizzonti per rispondere con maggior efficacia alle sfide contemporanee nel campo delle valutazioni. 410 1$1001VAN00066620$12001 $aˆI ‰manuali$1210 $aMilano$cEgea.$v242 606 $aAziende$xValutazione$3VANC038530$2AR 606 $aImmobili$xValutazione economica$3VANC038535$2AR 620 $dMilano$3VANL000284 676 $a333.3387$cTRASFERIMENTO DEL POSSESSO E DEL DIRITTO ALL'USO. EDIFICI COMMERCIALI E INDUSTRIALI$v22 700 1$aDe Paola$bPierfrancesco$3VANV255084$01307821 712 02$aEgea$ceditore$3VANV107924 791 02$aEgea Tools$zEgea $3VANV107925 791 02$aTools$zEgea $3VANV107926 801 $aIT$bSOL$c20251128$gRICA 899 $aBIBLIOTECA DEL DIPARTIMENTO DI ARCHITETTURA E DISEGNO INDUSTRIALE$1IT-CE0107$2VAN01 912 $aVAN00300666 950 $aBIBLIOTECA DEL DIPARTIMENTO DI ARCHITETTURA E DISEGNO INDUSTRIALE$d01CONS T-ESAME417 $e01BDA2942 20251119 996 $aElementi di estimo urbano e industriale$94455644 997 $aUNICAMPANIA